Género y democracia /

Exposición sobre los orígenes, estrechamente interrelacionados, del feminismo y de la democracia moderna, cuya autora demuestra las deudas que la segunda mantiene con el primero. La socióloga, politóloga y filósofa Andrea Serret recapitula la gran contradicción interna del nacimiento de las instituc...

Fuld beskrivelse

Guardado en:
Bibliografiske detaljer
Hovedforfatter: Serret, Estela (autor)
Format: Bog
Sprog:spansk
Udgivet: México : Instituto Nacional Electoral, 2024, c2024
Udgivelse:1a edición, 1a reimpresión
Serier:(Cuadernos de Divulgación de la Cultura Democrática ; 23)
Fag:
Tags: Tilføj Tag
Ingen Tags, Vær først til at tagge denne postø!

MARC

LEADER 00000nam^a2200000^a^4500
001 000630283
005 20260410000000.0
009 20260410195519.121
020 |a 978-607-8772-34-6 
020 |a 978-607-8772-11-7 
037 |a Acervo ITESO - Biblioteca 
041 |a ESP 
082 |a 320. 01  |b SER 
100 |a Serret, Estela  |e (autor) 
245 1 0 |a Género y democracia /  |c E. Serret. 
250 |a 1a edición, 1a reimpresión 
250 |a Nueva edición 
264 4 |a México :  |b Instituto Nacional Electoral,  |c 2024, c2024 
300 |a 109 p. 
336 |a texto  |b txt  |2 rdacontenido 
337 |a sin mediación  |b n  |2 rdamedio 
338 |a volumen  |b nc  |2 rdasoporte 
440 4 |a (Cuadernos de Divulgación de la Cultura Democrática ;  |v 23) 
520 |a Exposición sobre los orígenes, estrechamente interrelacionados, del feminismo y de la democracia moderna, cuya autora demuestra las deudas que la segunda mantiene con el primero. La socióloga, politóloga y filósofa Andrea Serret recapitula la gran contradicción interna del nacimiento de las instituciones democráticas de la modernidad, en tanto se sustentan en principios universalistas de igualdad y libertad, pero excluyeron a las mujeres y los esfuerzos tenaces del feminismo, a lo largo de las diferentes etapas del movimiento, para enmendar esa injusticia incongruente. 
521 |a 2024 BO Licenciatura en Gestión Pública y Políticas Globales 
649 |a XX 
650 |a Mujeres -  |x Condiciones Políticas 
650 |a Sufragismo 
650 |a Feminismo -  |x Tema Principal 
650 |a Movimientos Políticos 
650 |a Movimientos Sociales 
650 |a Discriminación de Género 
650 |a Género -  |x Tema Principal 
650 |a Ciudadanía 
650 |a Igualdad y Desigualdad 
650 |a Representación Política 
650 |a Democracia -  |x Teoría -  |x Tema Principal 
650 |a Derechos Políticos 
650 |a Derecho Político 
650 |a Derecho y Política 
650 |a Política -  |x Teoría 
910 |a Fondo General 
920 |a Impresos - Libros 
930 |a Colección General 
905 |a 101 
901 |a 630283-10  |b IT1  |c ACC  |i C193650  |u 20260410 
902 |a https://opac.biblio.iteso.mx/vufind/Record/000630283